Multispecies cropping system with rubber: A preliminary report (Record no. 51566)

MARC details
000 -LEADER
fixed length control field 00675nam a2200181Ia 4500
100 ## - MAIN ENTRY--AUTHOR NAME
Personal name Jessy M.D.
245 #0 - TITLE STATEMENT
Title Multispecies cropping system with rubber: A preliminary report
260 ## - PUBLICATION, DISTRIBUTION, ETC. (IMPRINT)
Name of publisher IRRDB Symposium on Farming System Aspects of the Cultivation of Natural Rubber (Hevea brasiliensis), 6 November 1996, International Rubber Research and Development Board, Brickendonbury, UK, pp. 81-89.
Year of publication 1997
650 ## - SUBJECT ADDED ENTRY--TOPICAL TERM
Topical Term Cost benefit analysis
650 ## - SUBJECT ADDED ENTRY--TOPICAL TERM
Topical Term Cropping system
650 ## - SUBJECT ADDED ENTRY--TOPICAL TERM
Topical Term Intercropping
650 ## - SUBJECT ADDED ENTRY--TOPICAL TERM
Topical Term Nutrient status
700 ## - ADDED ENTRY--PERSONAL NAME
Personal name Philip V.
700 ## - ADDED ENTRY--PERSONAL NAME
Personal name Punnoose K.I.
700 ## - ADDED ENTRY--PERSONAL NAME
Personal name Sethuraj M.R.
942 ## - ADDED ENTRY ELEMENTS (KOHA)
Koha item type Bibliography STAF
Holdings
Withdrawn status Lost status Damaged status Not for loan Home library Current library Shelving location Date acquired Koha item type
      Bibliography RRII Library RRII Library Soils and agonomy 09/04/2014 Bibliography STAF